| 000 | 00586cam a22001937a 4500 | ||
|---|---|---|---|
| 005 | 20220127140551.0 | ||
| 008 | 050331d2005 mx d r 00110 spa d | ||
| 010 | _a89938 | ||
| 011 | _a90910 | ||
| 035 | _a101467 | ||
| 090 | _aTesis | ||
| 245 | 0 | 0 |
_aDesahuatado Precosecha de tuna (Opuntia spp.) Cv roja San Martín con bajas concentraciones de aci _c/por |
| 260 |
_aChapingo, Méx. : _bEl autor, _c2001. |
||
| 300 |
_a88 h. : _bgráfs. ; cuadros |
||
| 502 | _aTesis | ||
| 590 |
_aALEPH _b10 _c20130110 _lUCH01 _h1505 |
||
| 590 |
_aCONVERSION _b10 _c20130109 _lUCH01 _h1350 |
||
| 901 | _aBK | ||
| 999 |
_c89938 _d89938 |
||